000 00310nam a2200145Ia 4500
005 20251222144721.0
008 251222s9999||||xx |||||||||||||| ||spa||
020 _a8472451232
082 _a800/W32
100 _aWatts, Alan
245 0 _aMemorias
250 _a1ra.ed.
264 _bMemorias
942 _cLIB
999 _c18225
_d18225